[Event "Chess House"]
[Site "Aarhus"]
[Date "2014.02.22"]
[Round "6"]
[White "Andersen, Mads"]
[Black "Brynell, Stellan"]
[Result "0-1"]
[WhiteElo "2504"]
[BlackElo "2470"]
[PlyCount "84"]
[EventDate "2014.02.17"]
[EventType "tourn"]
[EventRounds "9"]
[EventCountry "DEN"]
[EventCategory "9"]
[SourceTitle "CBM 158 Extra"]
[Source "ChessBase"]
[SourceDate "2014.02.28"]

1. d4 e6 2. c4 Nf6 3. Nf3 d5 4. g3 dxc4 5. Bg2 Bd7 6. Ne5 Bc6 7. Nxc6 Nxc6 8.
O-O Qd7 9. e3 O-O-O 10. Qa4 Nd5 11. Qxc4 h5 12. a3 h4 13. b4 hxg3 14. hxg3 a6
15. Nc3 f5 16. Rb1 Na7 17. Bd2 Nb5 18. Qb3 Nbxc3 19. Bxc3 g5 20. Rfc1 f4 21. b5
axb5 22. Ba5 Bd6 23. e4 g4 24. exd5 f3 25. Bxf3 gxf3 26. Qxf3 Qh7 27. Qg2 exd5
28. Rxb5 Rd7 29. Rxd5 Qh6 30. Rb1 c6 31. Rf5 Rdh7 32. Re1 Qg6 33. g4 Rh1+ 34.
Qxh1 Rxh1+ 35. Kxh1 Qxg4 36. Re8+ Kd7 37. Rd8+ Ke6 38. Rf6+ Kxf6 39. Rxd6+ Kf5
40. Bb4 Ke4 41. Kh2 Kf3 42. Rf6+ Ke2 0-1

[Event "Chess House"]
[Site "Aarhus"]
[Date "2014.02.19"]
[Round "3"]
[White "Andersen, Mads"]
[Black "Maksimenko, Andrei"]
[Result "1/2-1/2"]
[WhiteElo "2504"]
[BlackElo "2548"]
[PlyCount "64"]
[EventDate "2014.02.17"]
[EventType "tourn"]
[EventRounds "9"]
[EventCountry "DEN"]
[EventCategory "9"]
[SourceTitle "CBM 158 Extra"]
[Source "ChessBase"]
[SourceDate "2014.02.28"]

1. d4 Nf6 2. c4 e6 3. Nf3 d5 4. g3 dxc4 5. Bg2 c5 6. O-O Nc6 7. Ne5 Bd7 8. Na3
cxd4 9. Naxc4 Be7 10. Qb3 Qc8 11. Bf4 O-O 12. Rac1 Nd5 13. Rfd1 Nxf4 14. gxf4
Rd8 15. Bxc6 Bxc6 16. Na5 Rd5 17. Naxc6 bxc6 18. Rxc6 Qe8 19. Rdc1 Bd6 20. Qb7
Rd8 21. Rc8 Bxe5 22. fxe5 a5 23. R1c7 d3 24. exd3 Rxd3 25. Rxd8 Rxd8 26. Re7
Qa4 27. Qf3 Rf8 28. a3 Qb5 29. Qc3 Rd8 30. Qf3 Rf8 31. Qc3 Rd8 32. Qf3 Rf8
1/2-1/2

[Event "Chess House"]
[Site "Aarhus"]
[Date "2014.02.17"]
[Round "1"]
[White "Andersen, Mads"]
[Black "Trent, Lawrence"]
[Result "1/2-1/2"]
[WhiteElo "2504"]
[BlackElo "2424"]
[PlyCount "98"]
[EventDate "2014.02.17"]
[EventType "tourn"]
[EventRounds "9"]
[EventCountry "DEN"]
[EventCategory "9"]
[SourceTitle "CBM 158 Extra"]
[Source "ChessBase"]
[SourceDate "2014.02.28"]

1. c4 Nf6 2. g3 g6 3. Bg2 Bg7 4. Nc3 O-O 5. Nf3 d6 6. O-O Nc6 7. d3 Bd7 8. Rb1
Qc8 9. b4 Bh3 10. b5 Nb8 11. Nd5 Nxd5 12. Bxh3 Qxh3 13. cxd5 c5 14. bxc6 bxc6
15. Qb3 Qd7 16. Qb7 Qxb7 17. Rxb7 cxd5 18. Rxe7 Nc6 19. Rd7 Rfd8 20. Rxd8+ Rxd8
21. Ba3 Nd4 22. Nxd4 Bxd4 23. Rc1 Kf8 24. e3 Bb6 25. Rc6 Ke7 26. d4 Rd7 27. Kg2
Ke6 28. g4 f5 29. gxf5+ gxf5 30. Kf3 h6 31. Bb4 Bd8 32. Rc8 Bf6 33. Re8+ Re7
34. Rf8 Rd7 35. a4 Rd8 36. Rxd8 Bxd8 37. Bd2 Kf6 38. Kf4 Ke6 39. Kg3 Kf6 40. f3
Ke6 41. Kf2 Bh4+ 42. Ke2 Bd8 43. Kd3 Bc7 44. Kc2 h5 45. Be1 Bd8 46. Kd3 Bg5 47.
Ba5 Kd7 48. e4 fxe4+ 49. fxe4 Ke6 1/2-1/2

[Event "Chess House"]
[Site "Aarhus"]
[Date "2014.02.20"]
[Round "4"]
[White "Andersen, Mads"]
[Black "Fries Nielsen, Jens Ove"]
[Result "0-1"]
[WhiteElo "2504"]
[BlackElo "2416"]
[PlyCount "78"]
[EventDate "2014.02.17"]
[EventType "tourn"]
[EventRounds "9"]
[EventCountry "DEN"]
[EventCategory "9"]
[SourceTitle "CBM 158 Extra"]
[Source "ChessBase"]
[SourceDate "2014.02.28"]

1. d4 g6 2. Nf3 Bg7 3. c4 e6 4. g3 Ne7 5. Bg2 d6 6. O-O Nd7 7. Nc3 O-O 8. e4 a6
9. Be3 Rb8 10. a4 c5 11. dxc5 dxc5 12. Qd6 Nc6 13. Bxc5 Nxc5 14. Qxc5 Qa5 15.
Qa3 Rd8 16. Rfd1 Bd7 17. Rac1 Be8 18. Bf1 Bf8 19. Qb3 Bc5 20. Qc2 Qb6 21. b3
Na5 22. Rb1 Rxd1 23. Nxd1 Rd8 24. Nc3 Nc6 25. Na2 a5 26. Re1 Nd4 27. Nxd4 Rxd4
28. Nc1 Bc6 29. Bd3 Qd8 30. Kf1 e5 31. f3 Qf6 32. Kg2 Qd6 33. Kf1 f5 34. exf5
gxf5 35. Be2 e4 36. f4 Qh6 37. h4 Qg7 38. b4 Qxg3 39. bxc5 e3 0-1

[Event "Chess House"]
[Site "Aarhus"]
[Date "2014.02.19"]
[Round "3"]
[White "Brynell, Stellan"]
[Black "Skytte, Rasmus"]
[Result "0-1"]
[WhiteElo "2470"]
[BlackElo "2416"]
[PlyCount "72"]
[EventDate "2014.02.17"]
[EventType "tourn"]
[EventRounds "9"]
[EventCountry "DEN"]
[EventCategory "9"]
[SourceTitle "CBM 158 Extra"]
[Source "ChessBase"]
[SourceDate "2014.02.28"]

1. d4 Nf6 2. Nf3 c5 3. e3 g6 4. c4 Bg7 5. Nc3 O-O 6. Be2 cxd4 7. exd4 d5 8. O-O
Nc6 9. Re1 Be6 10. c5 Ne4 11. Bf4 Bg4 12. Nxe4 dxe4 13. Ne5 Bxe2 14. Qxe2 Qxd4
15. Qxe4 Qxb2 16. Rab1 Qxa2 17. Nxc6 bxc6 18. Qxe7 a5 19. Qd7 a4 20. Qxc6 a3
21. g3 Qc2 22. Rbc1 Qf5 23. Bd6 Rfc8 24. Qb5 a2 25. Qf1 Qd5 26. Ra1 Bxa1 27.
Rxa1 Qd4 28. Kg2 Re8 29. h3 Qb2 30. c6 Qc3 31. Bf4 Qxc6+ 32. Kh2 Qc2 33. Bh6
Re2 34. Kg2 Qe4+ 35. Kg1 Re8 36. Kh2 Re1 0-1

[Event "Chess House"]
[Site "Aarhus"]
[Date "2014.02.26"]
[Round "9"]
[White "Brynell, Stellan"]
[Black "Maksimenko, Andrei"]
[Result "1/2-1/2"]
[WhiteElo "2470"]
[BlackElo "2548"]
[PlyCount "41"]
[EventDate "2014.02.17"]
[EventType "tourn"]
[EventRounds "9"]
[EventCountry "DEN"]
[EventCategory "9"]
[SourceTitle "CBM 158 Extra"]
[Source "ChessBase"]
[SourceDate "2014.02.28"]

1. d4 d5 2. c4 c6 3. Nf3 Nf6 4. Nc3 dxc4 5. a4 Bf5 6. Ne5 e6 7. f3 Bb4 8. e4
Bxe4 9. fxe4 Nxe4 10. Bd2 Qxd4 11. Nxe4 Qxe4+ 12. Qe2 Bxd2+ 13. Kxd2 Qd5+ 14.
Kc2 Na6 15. Nxc4 O-O 16. Qe5 Rab8 17. Rd1 Nb4+ 18. Kc1 Na2+ 19. Kc2 Nb4+ 20.
Kc1 Na2+ 21. Kc2 1/2-1/2

[Event "Chess House"]
[Site "Aarhus"]
[Date "2014.02.17"]
[Round "1"]
[White "Brynell, Stellan"]
[Black "Eggleston, David"]
[Result "1-0"]
[WhiteElo "2470"]
[BlackElo "2423"]
[PlyCount "79"]
[EventDate "2014.02.17"]
[EventType "tourn"]
[EventRounds "9"]
[EventCountry "DEN"]
[EventCategory "9"]
[SourceTitle "CBM 158 Extra"]
[Source "ChessBase"]
[SourceDate "2014.02.28"]

1. d4 Nf6 2. c4 e6 3. Nf3 b6 4. a3 Bb7 5. Nc3 g6 6. Qc2 c5 7. dxc5 bxc5 8. Bf4
Nh5 9. Bg5 Be7 10. Bxe7 Qxe7 11. e3 f5 12. Be2 O-O 13. Nd2 Nf6 14. Bf3 Bxf3 15.
Nxf3 e5 16. Rd1 e4 17. Ng1 Nc6 18. Nge2 g5 19. h4 h6 20. Ng3 Qe5 21. hxg5 hxg5
22. Nh5 Rad8 23. Nxf6+ Qxf6 24. Nd5 Qg7 25. Ke2 f4 26. Rh5 fxe3 27. fxe3 Nd4+
28. exd4 cxd4 29. Qd2 d3+ 30. Ke1 Rf5 31. Qc3 Re5 32. Kd2 Rde8 33. Rdh1 d6 34.
Rh7 e3+ 35. Nxe3 Qxh7 36. Rxh7 Kxh7 37. Qxd3+ Kg7 38. Nf5+ Kf6 39. Nxd6 Rd8 40.
c5 1-0

[Event "Chess House"]
[Site "Aarhus"]
[Date "2014.02.23"]
[Round "7"]
[White "Brynell, Stellan"]
[Black "Fries Nielsen, Jens Ove"]
[Result "0-1"]
[WhiteElo "2470"]
[BlackElo "2416"]
[PlyCount "84"]
[EventDate "2014.02.17"]
[EventType "tourn"]
[EventRounds "9"]
[EventCountry "DEN"]
[EventCategory "9"]
[SourceTitle "CBM 158 Extra"]
[Source "ChessBase"]
[SourceDate "2014.02.28"]

1. d4 g6 2. e4 Bg7 3. Nf3 e6 4. c3 d6 5. Bd3 Nd7 6. O-O Ne7 7. Re1 h6 8. Nbd2
O-O 9. Nf1 b6 10. Ng3 Bb7 11. h4 e5 12. h5 g5 13. dxe5 Nxe5 14. Nxe5 Bxe5 15.
Nf1 f5 16. exf5 Nxf5 17. Qc2 Ng7 18. Ne3 Qd7 19. Bg6 Rf4 20. f3 Raf8 21. Nf1
R4f6 22. Be3 Rxf3 23. Be4 Bxe4 24. Qxe4 R3f6 25. Nh2 Bxh2+ 26. Kxh2 d5 27. Qd3
Nxh5 28. c4 Qd6+ 29. Kg1 c6 30. Rad1 Qg3 31. cxd5 Qh4 32. Bd4 Ng3 33. Bxf6 Rxf6
34. Qf3 Rxf3 35. gxf3 Qh1+ 36. Kf2 Qh2+ 37. Ke3 Nf5+ 38. Kd3 cxd5 39. Rc1 Kf7
40. Rc6 Qf4 41. Ree6 Qxf3+ 42. Kd2 Nd4 0-1

[Event "Chess House"]
[Site "Aarhus"]
[Date "2014.02.21"]
[Round "5"]
[White "Eggleston, David"]
[Black "Trent, Lawrence"]
[Result "1-0"]
[WhiteElo "2423"]
[BlackElo "2424"]
[PlyCount "77"]
[EventDate "2014.02.17"]
[EventType "tourn"]
[EventRounds "9"]
[EventCountry "DEN"]
[EventCategory "9"]
[SourceTitle "CBM 158 Extra"]
[Source "ChessBase"]
[SourceDate "2014.02.28"]

1. e4 g6 2. d4 Bg7 3. Nc3 d6 4. Be3 a6 5. Qd2 b5 6. a4 b4 7. Nce2 Nf6 8. Ng3
Ng4 9. Qxb4 c5 10. Qd2 Nc6 11. c3 cxd4 12. cxd4 Nxe3 13. fxe3 Rb8 14. a5 Qc7
15. Rc1 Qb7 16. Bc4 O-O 17. b3 Bh6 18. Kf2 e5 19. Nf3 exd4 20. Nxd4 Ne5 21.
Rhe1 Ng4+ 22. Kg1 Qe7 23. Nf3 Qa7 24. Rc3 Qe7 25. Rd3 Bb7 26. Rd4 Rfe8 27. h3
Nf6 28. Rxd6 Bxe4 29. Rxa6 Rbd8 30. Qf2 Bb7 31. Rb6 Rd7 32. Bb5 Nd5 33. Nf5
gxf5 34. Rxh6 Kg7 35. Bxd7 Qxd7 36. Qg3+ Kf8 37. Rxh7 Re6 38. Qg7+ Ke8 39. Qg8+
1-0

[Event "Chess House"]
[Site "Aarhus"]
[Date "2014.02.23"]
[Round "7"]
[White "Eggleston, David"]
[Black "Andersen, Mads"]
[Result "1/2-1/2"]
[WhiteElo "2423"]
[BlackElo "2504"]
[PlyCount "95"]
[EventDate "2014.02.17"]
[EventType "tourn"]
[EventRounds "9"]
[EventCountry "DEN"]
[EventCategory "9"]
[SourceTitle "CBM 158 Extra"]
[Source "ChessBase"]
[SourceDate "2014.02.28"]

1. e4 e5 2. Nf3 Nc6 3. Bc4 Bc5 4. c3 Nf6 5. d3 O-O 6. O-O d5 7. exd5 Nxd5 8.
Re1 Bg4 9. h3 Bh5 10. Nbd2 Nb6 11. Bb5 Bd6 12. Ne4 Re8 13. Ng3 Bg6 14. Qe2 a6
15. Bxc6 bxc6 16. Bg5 f6 17. Be3 Nd5 18. Rad1 Nf4 19. Qf1 f5 20. d4 e4 21. Bxf4
Bxf4 22. Ne5 Qg5 23. Qc4+ Kh8 24. Nxg6+ Qxg6 25. Nf1 Bd6 26. b4 a5 27. a3 Rf8
28. d5 axb4 29. axb4 cxd5 30. Rxd5 Rae8 31. Qe2 Qf7 32. Rd4 Re6 33. Qc4 Qg6 34.
Qe2 Re5 35. Nd2 Re6 36. Nf1 Rfe8 37. Rd5 Qf7 38. b5 f4 39. Qh5 g6 40. Qd1 e3
41. fxe3 fxe3 42. Re2 Re4 43. b6 Rb8 44. Rxe3 Rxe3 45. Nxe3 Rxb6 46. Nc4 Rb1
47. Qxb1 Qxd5 48. Nxd6 1/2-1/2

[Event "Chess House"]
[Site "Aarhus"]
[Date "2014.02.19"]
[Round "3"]
[White "Eggleston, David"]
[Black "Palo, Davor"]
[Result "0-1"]
[WhiteElo "2423"]
[BlackElo "2550"]
[PlyCount "60"]
[EventDate "2014.02.17"]
[EventType "tourn"]
[EventRounds "9"]
[EventCountry "DEN"]
[EventCategory "9"]
[SourceTitle "CBM 158 Extra"]
[Source "ChessBase"]
[SourceDate "2014.02.28"]

1. e4 c6 2. d4 d5 3. Nc3 dxe4 4. Nxe4 Nd7 5. Ng5 Ngf6 6. Bd3 e6 7. N1f3 Bd6 8.
Qe2 h6 9. Ne4 Nxe4 10. Qxe4 Qc7 11. O-O b6 12. Qg4 Kf8 13. b3 Bb7 14. Bb2 Nf6
15. Qh4 Nd5 16. Rfe1 Nf4 17. Rad1 f6 18. Ne5 g5 19. Qg4 fxe5 20. dxe5 Be7 21.
g3 Nxd3 22. Rxd3 c5 23. Rd6 Bxd6 24. exd6 Qc6 25. f3 Rh7 26. Rxe6 Qd5 27. Rf6+
Rf7 28. Rxf7+ Qxf7 29. Be5 Qxf3 30. Qh3 Qe3+ 0-1

[Event "Chess House"]
[Site "Aarhus"]
[Date "2014.02.26"]
[Round "9"]
[White "Eggleston, David"]
[Black "Pedersen, Nicolai Vesterbaek"]
[Result "1/2-1/2"]
[WhiteElo "2423"]
[BlackElo "2390"]
[PlyCount "80"]
[EventDate "2014.02.17"]
[EventType "tourn"]
[EventRounds "9"]
[EventCountry "DEN"]
[EventCategory "9"]
[SourceTitle "CBM 158 Extra"]
[Source "ChessBase"]
[SourceDate "2014.02.28"]

1. e4 e5 2. Nf3 Nc6 3. Bc4 Bc5 4. c3 Nf6 5. d3 a6 6. Bb3 Ba7 7. O-O d6 8. Nbd2
Be6 9. Re1 O-O 10. h3 Nh5 11. Nf1 Qf6 12. Ne3 Nf4 13. Nd5 Bxd5 14. exd5 Ne7 15.
d4 Nexd5 16. Bxd5 Nxd5 17. dxe5 Qe6 18. Qb3 b5 19. c4 bxc4 20. Qxc4 Bc5 21. Bd2
h6 22. Rac1 Bb6 23. b4 Rfd8 24. a4 dxe5 25. a5 Ba7 26. Rxe5 Qd6 27. Re4 Rab8
28. Ne5 Qf6 29. Rf1 Rd6 30. Kh1 Rbd8 31. f4 Ne7 32. Bc3 Nf5 33. Kh2 Ne3 34.
Rxe3 Bxe3 35. Rf3 Bd4 36. Qxc7 Bxc3 37. Qxc3 Qe6 38. Rg3 Qf6 39. Rf3 Qe6 40.
Rg3 Qf6 1/2-1/2

[Event "Chess House"]
[Site "Aarhus"]
[Date "2014.02.17"]
[Round "1"]
[White "Fries Nielsen, Jens Ove"]
[Black "Skytte, Rasmus"]
[Result "0-1"]
[WhiteElo "2416"]
[BlackElo "2416"]
[PlyCount "100"]
[EventDate "2014.02.17"]
[EventType "tourn"]
[EventRounds "9"]
[EventCountry "DEN"]
[EventCategory "9"]
[SourceTitle "CBM 158 Extra"]
[Source "ChessBase"]
[SourceDate "2014.02.28"]

1. d4 d5 2. Bf4 Nf6 3. e3 c6 4. Bd3 Nbd7 5. h3 g6 6. Nf3 Bg7 7. Nbd2 O-O 8. O-O
Re8 9. c4 c5 10. Rc1 b6 11. Nb3 Bb7 12. dxc5 e5 13. Bh2 bxc5 14. Nfd2 d4 15. e4
Nh5 16. Rb1 Qc7 17. Re1 a5 18. Nc1 Nf4 19. Bc2 Re7 20. Nd3 Ne6 21. Nf3 f6 22.
a3 Nb6 23. b4 Ba6 24. Bb3 a4 25. Ba2 Bxc4 26. Bxc4 Nxc4 27. Qc1 cxb4 28. Nxb4
Rd7 29. Nd5 Qc5 30. Rb4 Rc8 31. Qa1 Rxd5 32. exd5 Qxd5 33. Qa2 Ne3 34. Qb1 Nc4
35. Rc1 Rc5 36. Rb8+ Bf8 37. Qb4 d3 38. Bg3 e4 39. Nd2 Nxd2 40. Qxd2 Rxc1+ 41.
Qxc1 d2 42. Qd1 Qd4 43. Rc8 h5 44. Rc2 Bh6 45. Rc6 Qb2 46. Rc8+ Kh7 47. Rb8 Qc1
48. Rb7+ Kg8 49. Rb1 Qxd1+ 50. Rxd1 Nd4 0-1

[Event "Chess House"]
[Site "Aarhus"]
[Date "2014.02.21"]
[Round "5"]
[White "Fries Nielsen, Jens Ove"]
[Black "Maksimenko, Andrei"]
[Result "1/2-1/2"]
[WhiteElo "2416"]
[BlackElo "2548"]
[PlyCount "88"]
[EventDate "2014.02.17"]
[EventType "tourn"]
[EventRounds "9"]
[EventCountry "DEN"]
[EventCategory "9"]
[SourceTitle "CBM 158 Extra"]
[Source "ChessBase"]
[SourceDate "2014.02.28"]

1. a3 g6 2. e3 Bg7 3. c4 Nf6 4. g4 d5 5. g5 Nfd7 6. cxd5 Nb6 7. Nf3 Nxd5 8. h4
Bg4 9. Be2 Nc6 10. d4 O-O 11. Nbd2 a5 12. Ne4 Qc8 13. Nfd2 Bxe2 14. Qxe2 e5 15.
dxe5 Nxe5 16. h5 Re8 17. hxg6 hxg6 18. Rh4 Qf5 19. f4 Nd7 20. Ng3 Qc2 21. Nde4
Qxe2+ 22. Kxe2 Ra6 23. Bd2 Rae6 24. Kf3 a4 25. Rah1 Bxb2 26. Nc3 Bxc3 27. Bxc3
Rxe3+ 28. Kf2 Kf8 29. Bd4 R8e4 30. Bxe3 Rxe3 31. f5 Ne5 32. f6 Ke8 33. Re4 Rxe4
34. Nxe4 b6 35. Rd1 c6 36. Kg3 Kd7 37. Nc3 Kd6 38. Nxa4 Nc4 39. Rd3 b5 40. Nc3
Nb2 41. Rd2 Nc4 42. Rd3 Nb2 43. Rd2 Nc4 44. Rd3 Nb2 1/2-1/2

[Event "Chess House"]
[Site "Aarhus"]
[Date "2014.02.22"]
[Round "6"]
[White "Fries Nielsen, Jens Ove"]
[Black "Pedersen, Nicolai Vesterbaek"]
[Result "0-1"]
[WhiteElo "2416"]
[BlackElo "2390"]
[PlyCount "80"]
[EventDate "2014.02.17"]
[EventType "tourn"]
[EventRounds "9"]
[EventCountry "DEN"]
[EventCategory "9"]
[SourceTitle "CBM 158 Extra"]
[Source "ChessBase"]
[SourceDate "2014.02.28"]

1. e4 e5 2. Nf3 Nc6 3. Bb5 a6 4. Ba4 Nf6 5. Qe2 b5 6. Bb3 Be7 7. c3 d6 8. d4
Bg4 9. d5 Na5 10. Bc2 c6 11. dxc6 O-O 12. Nbd2 Qc7 13. h3 Be6 14. Nf1 Bc4 15.
Bd3 d5 16. Bxc4 Nxc4 17. exd5 Nxd5 18. Ng3 Nf4 19. Bxf4 exf4 20. Nf5 Ba3 21.
O-O Bxb2 22. Rae1 g6 23. Ne7+ Kg7 24. Rd1 Rad8 25. Ng5 h6 26. Rxd8 Rxd8 27.
Ne6+ fxe6 28. Qxe6 Ne5 29. Nd5 Rxd5 30. Qxd5 Bxc3 31. Rc1 b4 32. a3 a5 33. axb4
axb4 34. Qe6 Nxc6 35. Qe4 Qd6 36. Kh1 Nd4 37. Qb7+ Kf6 38. Qc8 h5 39. h4 Qe7
40. Qa6+ Ke5 0-1

[Event "Chess House"]
[Site "Aarhus"]
[Date "2014.02.24"]
[Round "8"]
[White "Fries Nielsen, Jens Ove"]
[Black "Eggleston, David"]
[Result "0-1"]
[WhiteElo "2416"]
[BlackElo "2423"]
[PlyCount "152"]
[EventDate "2014.02.17"]
[EventType "tourn"]
[EventRounds "9"]
[EventCountry "DEN"]
[EventCategory "9"]
[SourceTitle "CBM 158 Extra"]
[Source "ChessBase"]
[SourceDate "2014.02.28"]

1. e4 c5 2. Nf3 d6 3. d4 cxd4 4. Nxd4 Nf6 5. Nc3 a6 6. Nb3 Nc6 7. a4 g6 8. Nd5
Bg7 9. Be3 O-O 10. Bb6 Qd7 11. f3 e6 12. Nxf6+ Bxf6 13. c3 d5 14. Be2 Ne5 15.
f4 Nc4 16. Bxc4 dxc4 17. Na5 e5 18. Qxd7 Bxd7 19. fxe5 Bxe5 20. Nxc4 Rfe8 21.
O-O Rac8 22. Nd2 Re6 23. a5 Bc6 24. Rfe1 Rce8 25. Nb3 Bg7 26. Bd4 Bf8 27. e5 f6
28. Nc5 Bxc5 29. Bxc5 Rxe5 30. Bf2 Re2 31. b4 Rc2 32. Rxe8+ Bxe8 33. Re1 Bc6
34. Re3 f5 35. h4 Be4 36. g4 Kf7 37. gxf5 gxf5 38. h5 Ke6 39. Bg3 Rc1+ 40. Kf2
Rh1 41. Re1 Rxh5 42. Rd1 Rh3 43. Rd6+ Ke7 44. Be5 h5 45. Rh6 h4 46. Bf6+ Kf7
47. c4 Rf3+ 48. Ke2 h3 49. Be5 Rb3 50. Rf6+ Ke7 51. Rh6 Kf7 52. Kd2 Rxb4 53.
Rxh3 Rxc4 54. Rh6 Rc2+ 55. Ke3 Rc5 56. Rh7+ Kg6 57. Rg7+ Kh6 58. Re7 Rxa5 59.
Kf4 Ra2 60. Re6+ Kh5 61. Bd4 Rh2 62. Be3 Rh4+ 63. Ke5 Kg4 64. Bb6 Kf3 65. Rf6
Rh1 66. Rf7 Rb1 67. Bc7 a5 68. Rh7 a4 69. Rh3+ Kg4 70. Ra3 b5 71. Kd4 Rd1+ 72.
Ke3 Rd7 73. Ba5 Re7 74. Bb4 Rd7 75. Kf2 f4 76. Ra1 Rd3 0-1

[Event "Chess House"]
[Site "Aarhus"]
[Date "2014.02.22"]
[Round "6"]
[White "Maksimenko, Andrei"]
[Black "Skytte, Rasmus"]
[Result "0-1"]
[WhiteElo "2548"]
[BlackElo "2416"]
[PlyCount "68"]
[EventDate "2014.02.17"]
[EventType "tourn"]
[EventRounds "9"]
[EventCountry "DEN"]
[EventCategory "9"]
[SourceTitle "CBM 158 Extra"]
[Source "ChessBase"]
[SourceDate "2014.02.28"]

1. Nf3 Nf6 2. c4 e6 3. Nc3 d5 4. d4 c6 5. Bg5 Nbd7 6. e3 Qa5 7. cxd5 Nxd5 8.
Qd2 Bb4 9. Rc1 O-O 10. a3 Bxc3 11. bxc3 Qxa3 12. e4 Ne7 13. Bd3 e5 14. O-O Ng6
15. h4 h5 16. Bb1 Qd6 17. Rfd1 Nf6 18. Qb2 Qe7 19. Nh2 a5 20. Nf1 a4 21. Ng3 a3
22. Qc2 Qe6 23. Ba2 Qg4 24. dxe5 Nh7 25. Be3 Nxe5 26. Bd4 Ng6 27. Bc5 Re8 28.
Rd4 Ne5 29. Bd6 Qxh4 30. Nf5 Bxf5 31. exf5 Qf6 32. Qb3 Ng5 33. Kf1 Qxf5 34.
Qxb7 Nd3 0-1

[Event "Chess House"]
[Site "Aarhus"]
[Date "2014.02.24"]
[Round "8"]
[White "Maksimenko, Andrei"]
[Black "Trent, Lawrence"]
[Result "0-1"]
[WhiteElo "2548"]
[BlackElo "2424"]
[PlyCount "72"]
[EventDate "2014.02.17"]
[EventType "tourn"]
[EventRounds "9"]
[EventCountry "DEN"]
[EventCategory "9"]
[SourceTitle "CBM 158 Extra"]
[Source "ChessBase"]
[SourceDate "2014.02.28"]

1. d4 Nf6 2. c4 e6 3. Nc3 d5 4. cxd5 Nxd5 5. e4 Nxc3 6. bxc3 c5 7. Rb1 cxd4 8.
cxd4 Nc6 9. Nf3 Bb4+ 10. Bd2 Bxd2+ 11. Qxd2 O-O 12. Bb5 Ne7 13. O-O b6 14. a4
Bb7 15. Bd3 Nc6 16. Qe3 Qe7 17. Rfd1 Nb4 18. Bf1 Rac8 19. Ne1 Rc7 20. Rdc1 Rfc8
21. Rxc7 Rxc7 22. a5 bxa5 23. Ra1 Qd8 24. Rxa5 Rd7 25. Rxa7 Nc6 26. Ra1 Nxd4
27. Rb1 h6 28. Nd3 Nc2 29. Qg3 Qc7 30. Ne5 Rd8 31. Qh4 f6 32. Rc1 Qxe5 33. Rxc2
Rd1 34. Qg4 Qd6 35. Ra2 Qd3 36. Re2 Rxf1+ 0-1

[Event "Chess House"]
[Site "Aarhus"]
[Date "2014.02.26"]
[Round "9"]
[White "Palo, Davor"]
[Black "Fries Nielsen, Jens Ove"]
[Result "1-0"]
[WhiteElo "2550"]
[BlackElo "2416"]
[PlyCount "77"]
[EventDate "2014.02.17"]
[EventType "tourn"]
[EventRounds "9"]
[EventCountry "DEN"]
[EventCategory "9"]
[SourceTitle "CBM 158 Extra"]
[Source "ChessBase"]
[SourceDate "2014.02.28"]

1. d4 d6 2. c4 Nf6 3. Nc3 Nc6 4. e4 e5 5. d5 Nd4 6. Be3 c5 7. dxc6 bxc6 8. Bxd4
exd4 9. Qxd4 Rb8 10. O-O-O Qa5 11. Nf3 Nd7 12. Qe3 Qb4 13. Rd2 Ne5 14. Qxa7 Be7
15. a3 Rb7 16. Qa6 Qc5 17. b4 Qa7 18. Qxa7 Rxa7 19. Nxe5 dxe5 20. Kb2 Be6 21.
Be2 O-O 22. Ra1 Rb8 23. b5 Bc5 24. a4 Bd4 25. Rad1 c5 26. Kb3 g6 27. Ra2 Ra5
28. Bd3 Kf8 29. f3 Ke7 30. Ne2 Kd6 31. Nxd4 exd4 32. f4 f6 33. Re1 Kd7 34. f5
Bf7 35. e5 fxe5 36. fxg6 hxg6 37. Rxe5 Kd6 38. Re1 Rb7 39. Rf2 1-0

[Event "Chess House"]
[Site "Aarhus"]
[Date "2014.02.18"]
[Round "2"]
[White "Palo, Davor"]
[Black "Brynell, Stellan"]
[Result "1-0"]
[WhiteElo "2550"]
[BlackElo "2470"]
[PlyCount "51"]
[EventDate "2014.02.17"]
[EventType "tourn"]
[EventRounds "9"]
[EventCountry "DEN"]
[EventCategory "9"]
[SourceTitle "CBM 158 Extra"]
[Source "ChessBase"]
[SourceDate "2014.02.28"]

1. d4 e6 2. c4 Nf6 3. Nf3 b6 4. g3 Ba6 5. b3 Bb7 6. Bg2 Bb4+ 7. Bd2 a5 8. O-O
O-O 9. Nc3 d6 10. d5 e5 11. Qc2 Nbd7 12. Nb5 Bxd2 13. Nxd2 Re8 14. a3 Nf8 15.
b4 Qd7 16. Nc3 axb4 17. axb4 c6 18. Nde4 Nxe4 19. dxc6 Bxc6 20. Bxe4 h6 21. b5
Bxe4 22. Qxe4 Rxa1 23. Rxa1 Nh7 24. Qc6 Qxc6 25. bxc6 Nf6 26. Nd5 1-0

[Event "Chess House"]
[Site "Aarhus"]
[Date "2014.02.21"]
[Round "5"]
[White "Palo, Davor"]
[Black "Skytte, Rasmus"]
[Result "1/2-1/2"]
[WhiteElo "2550"]
[BlackElo "2416"]
[PlyCount "61"]
[EventDate "2014.02.17"]
[EventType "tourn"]
[EventRounds "9"]
[EventCountry "DEN"]
[EventCategory "9"]
[SourceTitle "CBM 158 Extra"]
[Source "ChessBase"]
[SourceDate "2014.02.28"]

1. d4 Nf6 2. c4 c5 3. d5 b5 4. cxb5 a6 5. bxa6 g6 6. Nc3 Bg7 7. Nf3 O-O 8. e4
Qa5 9. Bd2 Bxa6 10. Bxa6 Qxa6 11. Qe2 e6 12. dxe6 fxe6 13. Be3 Qc6 14. Ne5 Qc7
15. Nd3 c4 16. Nf4 Qe5 17. Qxc4 Ng4 18. Nd3 Qh5 19. Qc5 d5 20. exd5 Na6 21. Qd6
Nxe3 22. fxe3 Qh4+ 23. g3 Qc4 24. Rd1 Bxc3+ 25. bxc3 Qxc3+ 26. Rd2 Qa1+ 27. Rd1
Qc3+ 28. Rd2 Qa1+ 29. Rd1 Qc3+ 30. Rd2 Qa1+ 31. Rd1 1/2-1/2

[Event "Chess House"]
[Site "Aarhus"]
[Date "2014.02.24"]
[Round "8"]
[White "Pedersen, Nicolai Vesterbaek"]
[Black "Brynell, Stellan"]
[Result "1/2-1/2"]
[WhiteElo "2390"]
[BlackElo "2470"]
[PlyCount "112"]
[EventDate "2014.02.17"]
[EventType "tourn"]
[EventRounds "9"]
[EventCountry "DEN"]
[EventCategory "9"]
[SourceTitle "CBM 158 Extra"]
[Source "ChessBase"]
[SourceDate "2014.02.28"]

1. d4 e6 2. c4 Nf6 3. Nc3 Bb4 4. Qc2 O-O 5. a3 Bxc3+ 6. Qxc3 b5 7. cxb5 c6 8.
Bg5 cxb5 9. e3 Bb7 10. Nf3 h6 11. Bh4 a6 12. Be2 d6 13. O-O Nbd7 14. a4 g5 15.
Bg3 Ne4 16. Qd3 bxa4 17. Rxa4 a5 18. Rfa1 Ndf6 19. Ne1 Bc6 20. R4a3 a4 21. f3
Nxg3 22. hxg3 Qb6 23. Qd2 Rab8 24. Rb1 Rfc8 25. Bd1 Qb4 26. Qxb4 Rxb4 27. Rc1
Rxb2 28. Bxa4 Ra8 29. Rxc6 Rb4 30. Rxd6 Raxa4 31. Rxa4 Rxa4 32. Rd8+ Kg7 33. e4
Ra1 34. Kf2 Ra2+ 35. Kg1 Nh5 36. Kh2 Rd2 37. d5 exd5 38. Rxd5 Rxd5 39. exd5 f5
40. Nd3 Nf6 41. d6 Nd7 42. f4 Kf6 43. Ne5 Ke6 44. Nf3 Kxd6 45. fxg5 hxg5 46.
Nxg5 Ke5 47. Nf3+ Kf6 48. Kh3 Kg6 49. g4 fxg4+ 50. Kxg4 Nf6+ 51. Kf4 Nh5+ 52.
Ke5 Ng3 53. Nd2 Kg5 54. Ne4+ Nxe4 55. Kxe4 Kg4 56. g3 Kxg3 1/2-1/2